Orson Scott Card's Ender Saga Quiz Stats

 Plays Quiz Updated Apr 3, 2020

     
Support Sporcle.
Go Orange.
Score 0/16 Timer 03:00
0 Plays Today
Year Book % Correct
1985Ender's Game
99.1%
1999Ender's Shadow
75.2%
1986Speaker for the Dead
70%
1991Xenocide
64.8%
2001Shadow of the Hegemon
52.2%
1996Children of the Mind
49.2%
2005Shadow of the Giant
41.1%
2002Shadow Puppets
40.1%
Year Book % Correct
2008Ender in Exile
32.3%
2012Shadows in Flight
29.9%
2019The Hive
27.9%
2012Earth Unaware
24.2%
2013Earth Afire
23.4%
2017Children of the Fleet
22.7%
2014Earth Awakens
10.5%
2016The Swarm
9.5%

From the Vault

NCAA FCS Nicknames

by Ben

Sports 14m
We misspoke before when we said the FBS school nicknames quiz was for the true college sports fan. With another 125 colleges, this one is the real test.
Remove Ads.
Support Sporcle.
Get the best of Sporcle when you Go Orange. This ad-free experience offers more features, more stats, and more fun while also helping to support Sporcle. Thank you for becoming a member.

Show Comments

Extras

Top Quizzes Today


Score Distribution

Your Account Isn't Verified!

In order to create a playlist on Sporcle, you need to verify the email address you used during registration. Go to your Sporcle Settings to finish the process.

Report this User

Report this user for behavior that violates our Community Guidelines.

Details: